000 01516nam a2200253Ia 4500
999 _c56193
_d56193
001 23294
003 GE_BSU
005 20230215112146.0
008 181216s2018ge xx |||||||||||||| ||geo||
020 _a9789941262807
040 _cGE_BSU
041 _ageo
080 _a343.163 ა-14
100 _aაბაშიძე, გივი.
_91912
245 _aსისხლისსამართლებრივი დევნა, როგორც პროკურორის ფუნქცია და მისი განხორციელება გამოძიების სტადიაზე /
_c გივი აბაშიძე, რედ: ჯემალ გახოკიძე, ირინა აქუბარდია.
264 _aთბილისი :
_bუნივერსალი,
_c2018.
300 _a148 გვ. ;
_b20 სმ.
520 _aრეზიუმე ინგლ. და რუს. ენებზე.
653 _aსისხლისსამართლებრივი დევნა, როგორც პროკურორის ფუნქცია და მისი განხორციელება გამოძიების სტადიაზე
653 _aსამართალი
700 _aგახოკიძე, ჯემალ
_eრედაქტორი
_916911
700 _aაქუბარდია, ირინა
_eრედაქტორი
_99287
942 _cBK
_2udc